| 000 | 00669nam a2200241Ia 4500 | ||
|---|---|---|---|
| 005 | 20250425161925.0 | ||
| 008 | 250425s9999 xx 000 0 und d | ||
| 041 | _aspa | ||
| 082 | _a614 | ||
| 245 | 0 | _aREFORMA DE SALUD EN AZUAY: REFORMA LOCAL DE SALUD: REALIDAD COMUNITARIA Y REFORMA INTEGRAL | |
| 250 | _a1A ED. | ||
| 260 |
_aEcuador _bCONSEJO PROIVINCIAL DE SALUD DEL AZUAY _c1996 |
||
| 260 | _aS.L. | ||
| 300 | _a29 | ||
| 500 | _aOCTUBRE DE 1996 SERIE: REFORMA EN SALUD No.2 | ||
| 650 | _aAZUAY | ||
| 650 | _aDESARROLLO DE SALUD | ||
| 650 | _aREFORMA DE SALUD | ||
| 650 | _aSALUD | ||
| 650 | _aSISTEMAS DE SALUD | ||
| 942 | _c01 | ||
| 010 | _a35065 | ||
| 999 |
_c218934 _d218934 |
||